| 000 | 00488nam a22001817a 4500 | ||
|---|---|---|---|
| 003 | OSt | ||
| 005 | 20260610145340.0 | ||
| 008 | 260610b |||||||| |||| 00| 0 eng d | ||
| 020 | _a0070521409 | ||
| 040 | _cChuka University Library | ||
| 050 |
_aQ158.5 _b.R53 1982 |
||
| 100 |
_aRiban David M. _927122 |
||
| 245 | _aIntroduction To Physical Science | ||
| 260 |
_aNew York _bMcGRAW HILL Book Company _c1982 |
||
| 300 | _a657.p | ||
| 650 |
_aPhysical Science _920429 |
||
| 942 |
_2lcc _cBK _n0 |
||
| 999 |
_c23842 _d23842 |
||